Jim Carrey Movies - Sudden Death - Statistics

General Stats
  • This quiz has been taken 46,440 times
  • The average score is 8 of 16
Answers on the Grid
Answers color-coded by a green-red scale on the quiz's grid according to % correct below.
A Beautiful Mind
Ace Ventura: Pet Detective
Anchorman: The Legend of Ron Burgundy
Batman Forever
Bruce Almighty
Dumb and Dumber
Eternal Sunshine of the Spotless Mind
George of the Jungle
Guardians of the Galaxy
Home Alone
Liar Liar
Man on the Moon
Me, Myself and Irene
Mr. Popper's Penguins
Mrs. Doubtfire
Night at the Museum
Room 237
Sonic the Hedgehog
The Cable Guy
The Majestic
The Mask
The Number 23
The Prestige
The Super Mario Bros. Movie
The Truman Show
There's Something About Mary
Tommy Boy
Wayne's World
Yes Man
Zoolander
 
Answer Stats
Answer % Correct
Ace Ventura: Pet Detective
84%
Dumb and Dumber
79%
The Truman Show
73%
The Mask
72%
Bruce Almighty
71%
Liar Liar
64%
Sonic the Hedgehog
56%
Eternal Sunshine of the Spotless Mind
53%
Me, Myself and Irene
48%
Mr. Popper's Penguins
48%
Yes Man
47%
The Cable Guy
44%
Batman Forever
43%
Man on the Moon
30%
The Number 23
23%
The Majestic
14%
No matching quizzes found
Score Distribution
Percent of People with Each Score
Percentile by Number Answered
Your Score History
You have not taken this quiz